[Event "BCCA/SchemingMind Challenge"]
[Site "SchemingMind.com"]
[Date "2008.10.01"]
[Round "-"]
[White "Stan Grayland"]
[Black "king3012"]
[Result "0-1"]
[WhiteCountry "ENG"]
[BlackCountry "AUT"]
[WhiteElo "1807"]
[WhiteRD "335"]
[BlackElo "2476"]
[BlackRD "117"]
[GameID "172165"]

1. f4 d5 2. Nf3 g6 3. g3 c6 4. Bg2 Bg7 5. O-O Qb6+ 6. d4 Nh6 7. Nc3 O-O 8. b3 Nf5 9. e3 Nd6 10. Ne5 Bf5
11. Bb2 Nd7 12. Qe2 h5 13. a4 Nf6 14. a5 Qc7 15. a6 b6 16. Rac1 b5 17. Na2 Rab8 18. Nb4 Rb6 19. Ba3 Rfb8 20. c4 bxc4
21. bxc4 Rxb4 22. Bxb4 Rxb4 23. cxd5 Rb3 24. dxc6 Nfe4 25. Rfe1 Nc3 26. Qd2 Nde4 27. Bxe4 Nxe4 28. Qc2 Rb6 29. Qc4 Bxe5 30. dxe5 Nd2
31. Qd5 Nb3 32. Rc3 Be6 33. Qd3 Na5 34. Rec1 Kg7 35. Qc2 Rxa6 36. e4 Nb3 37. Rxb3 Bxb3 38. Qxb3 Rxc6 39. Rxc6 Qxc6 40. Qa3= Qb6+
41. Kg2 e6 42. Qe7 Qd4 43. Kh3 a6 44. Qf6+ Kg8 45. f5 Qxe4 46. fxe6 Qg4+ 47. Kg2 Qxe6 48. Qd8+ Kg7 49. Qa5 g5 50. Qc3 g4
51. Kg1 Qb6+ 52. Kg2 Kh7 53. Qc2+ Qg6 54. Qc7 Qe4+ 55. Kg1 Qd4+ 56. Kg2 Kg7 57. Kf1 Qe4 58. Kg1 Qe1+ 59. Kg2 Qd2+ 60. Kg1 h4
61. gxh4 Qe1+ 62. Kg2 Qxh4 63. Qb6 Qh3+ 64. Kg1 Qh6 65. Qd4 Qe6 66. Qc3 Kg6
0-1

[Event "BCCA/SchemingMind Challenge"]
[Site "SchemingMind.com"]
[Date "2008.10.01"]
[Round "-"]
[White "king3012"]
[Black "Stan Grayland"]
[Result "1/2-1/2"]
[WhiteCountry "AUT"]
[BlackCountry "ENG"]
[WhiteElo "2457"]
[WhiteRD "108"]
[BlackElo "1825"]
[BlackRD "348"]
[GameID "172182"]

1. Nf3 d5 2. c4 e6 3. d4 Nf6 4. Nc3 Be7 5. Bg5 h6 6. Bf4 O-O 7. e3 c5 8. dxc5 Bxc5 9. cxd5 Nxd5 10. Nxd5 exd5
11. a3 Nc6 12. Rc1 Be7 13. Bd3 Bf6 14. Rc2 d4 15. O-O Be6 16. Rd2 dxe3 17. Bxe3 Qa5 18. Qb1 Rac8 19. h3 Rfe8 20. Be4 Qa4
21. Bc2=
1/2-1/2

[Event "BCCA/SchemingMind Challenge"]
[Site "SchemingMind.com"]
[Date "2008.10.01"]
[Round "-"]
[White "icconhurst"]
[Black "John M. Sargent"]
[Result "1/2-1/2"]
[WhiteCountry "ENG"]
[BlackCountry "ENG"]
[WhiteElo "2282"]
[WhiteRD "200"]
[BlackElo "2332"]
[BlackRD "100"]
[GameID "172166"]

1. d4 Nf6 2. c4 g6 3. Nc3 Bg7 4. e4 d6 5. h3 O-O 6. Bg5 c5 7. d5 Qa5 8. Bd2 e6 9. Bd3 exd5 10. cxd5 Re8
11. Nge2 Nbd7 12. Ng3 Ne5 13. Be2 c4 14. O-O h5 15. Re1 Qa6 16. a4 Bd7 17. b4 Qb6 18. Qc2 Rac8 19. a5 Qc7 20. b5 h4
21. Nf1 Nh5 22. b6 axb6 23. axb6 Qxb6 24. Reb1 Qc7 25. Ra7 Rb8 26. Be3 Qc8 27. Nb5 Bxb5 28. Rxb5 Nf6 29. f3 c3 30. Rb4 Nh5
31. Bb5 Re7 32. Raa4 Nd7 33. Bf2 Nc5 34. Ra1 Ra8 35. Rab1 Bf6 36. Ne3 Ng3 37. Ng4 Bg7 38. Be3 f5 39. Bg5 Rf7 40. Ne3 Na6
41. Rc4 Rc7 42. Ra4 fxe4 43. Bxh4 Nf5 44. Nxf5 Qxf5 45. Rxe4 Bd4+ 46. Kf1 Nc5 47. Re2 Qxc2 48. Rxc2 Be5 49. Bf2 Kg7 50. Ke2 Ra3
51. Bc4 Na4 52. Bd3 Re7 53. Rb4 Bd4+ 54. Be4 Bxf2 55. Kxf2 Nb2 56. Ke2 g5 57. g3 Kf7 58. Rc1 Na4 59. Rc2 Kf6 60. h4 gxh4
61. gxh4 Nc5 62. Ke3 Re8 63. h5 Rh8 64. Bg6 Ke5 65. Rc4 b5 66. R4xc3 Ra4 67. Rd2 b4 68. Rc1 Ra3+ 69. Kf2 b3 70. Re1+ Kf6
71. Rd4 b2 72. Rf4+ Kg5 73. Rf5+ Kh6 74. Rf6 Kg5 75. Rxd6 Nd3+ 76. Bxd3 Rxd3 77. Rb6 Rxd5 78. h6 Rd2+ 79. Kg3 Kf5 80. Rb5+ Kf6
81. Rh1 Rc2 82. Rb6+ Kf7 83. Rb7+ Kf6 84. Rh5 Rg8+ 85. Kf4 Rc4+ 86. Ke3 Re8+ 87. Kd3 Rc7 88. Rb6+ Kf7 89. Rxb2 Rd7+ 90. Kc4 Kg6
91. Rbh2 Kh7 92. Rd5 Rf7 93. Kd4=
1/2-1/2

[Event "BCCA/SchemingMind Challenge"]
[Site "SchemingMind.com"]
[Date "2008.10.01"]
[Round "-"]
[White "John M. Sargent"]
[Black "icconhurst"]
[Result "0-1"]
[WhiteCountry "ENG"]
[BlackCountry "ENG"]
[WhiteElo "2352"]
[WhiteRD "102"]
[BlackElo "2147"]
[BlackRD "346"]
[GameID "172183"]

1. e4 c5 2. Nf3 Nc6 3. d4 cxd4 4. Nxd4 e6 5. Nc3 Qc7 6. Be3 a6 7. Qf3 Nf6 8. O-O-O d6 9. Nxc6 bxc6 10. Qg3 Rb8
11. f4 h5 12. Be2 h4 13. Qf3 Nd7 14. g3 h3 15. b3 Qa5 16. Bf2 d5 17. exd5 cxd5 18. Bd4 Bb7 19. Rhf1 Bb4 20. Kb1 Kf8
21. Na4 Kg8 22. Qg4 Bf8 23. f5 e5 24. f6 Qc7 25. fxg7 Bxg7 26. Qf5 Rf8 27. Be3 Nf6 28. Bb6 Qb8 29. Bc5 Re8 30. g4 Qc8
31. Qf2 Qd7 32. Nc3 d4 33. g5 Ne4 34. Nxe4 Bxe4 35. Bxa6 Bd5 36. Be2 Rc8 37. Bb4 Qc6 38. Rc1 Qb7 39. a3 Be6 40. Rg1 e4
41. Qf4 Qd5 42. Ba6 Be5 43. Qf2 Rc7 44. Rcd1 Qc6 45. Qe2 Rh4 46. g6 f5 47. Rde1 Kg7 48. Bd3 Bf6 49. Bb5 Qb6 50. Bd3 Bd5
51. Ka1 f4 52. Qd2 e3 53. Qd1 f3 54. Rg3 f2
0-1

[Event "BCCA/SchemingMind Challenge"]
[Site "SchemingMind.com"]
[Date "2008.10.01"]
[Round "-"]
[White "Ilbert de Lacy"]
[Black "Robert Pallett"]
[Result "0-1"]
[WhiteCountry "ENG"]
[BlackCountry "ENG"]
[WhiteElo "2017"]
[WhiteRD "235"]
[BlackElo "2279"]
[BlackRD "83"]
[GameID "172167"]

1. d4 Nf6 2. Nf3 e6 3. e3 c5 4. Bd3 d5 5. c3 Bd6 6. Nbd2 Nc6 7. O-O O-O 8. dxc5 Bxc5 9. e4 Bb6 10. Qe2 Qc7
11. e5 Nd7 12. Bxh7+ Kxh7 13. Ng5+ Kg6 14. Qd3+ f5 15. Nxe6 Qxe5 16. Nxf8+ Nxf8 17. Nf3 Qe4 18. Qd2 Ne5 19. Ng5 Qc4 20. b3 Qc6
21. Qe2 Nf7 22. Nf3 Bd7 23. Re1 Re8 24. Qd2 Rxe1+ 25. Qxe1 Ne6 26. Be3 Bc7 27. Rd1 Ne5 28. Nd4 Qd6 29. Nxe6 Qxe6 30. f3 f4
31. Bf2 Qf7 32. a4 Nc6 33. b4 Ne5 34. a5 a6 35. Bd4 Nc4 36. Qh4 Qf8 37. Re1 Bd8 38. Qf2 Qf5 39. g3 Kf7 40. Kh1 Bg5
41. Qg2 Bf6 42. Qf2 Bxd4 43. cxd4 g5 44. gxf4 Qxf4 45. Kg2 Nd6 46. Qe3 Nf5 47. Qxf4 gxf4 48. Kf2 Kf6 49. Rd1 Bc6 50. Rd2 Ba4
51. Ra2 Bb5 52. Rd2= Ne7 53. Rd1 Nc6 54. h4 Kg6 55. Rg1+ Kh6 56. Rg5 Nxb4 57. Rf5 Bc4 58. Rf7 Kg6 59. Rxb7 Nc6 60. Rb6 Bb5
61. Kg2 Kh5 62. Rb7 Kxh4 63. Rg7 Nxd4 64. Rg4+ Kh5 65. Rxf4 Nc2 66. Kg3 Kg6 67. Rg4+ Kf6 68. Rh4 d4 69. Kf4 d3 70. Rh1 Be8
71. Rg1 Bg6 72. Rb1 Ke6 73. Rb8 Kd5 74. Rd8+ Kc4 75. Rc8+ Kb3 76. Rb8+ Kc3 77. Rc8+ Kb2 78. Rd8 Nb4 79. Ke3 Kc1 80. Rd6 Bh7
81. Rd7 Nc2+ 82. Kf2 d2 83. Ke2 Bg8 84. Rxd2 Bc4+
0-1

[Event "BCCA/SchemingMind Challenge"]
[Site "SchemingMind.com"]
[Date "2008.10.01"]
[Round "-"]
[White "Robert Pallett"]
[Black "Ilbert de Lacy"]
[Result "0-1"]
[WhiteCountry "ENG"]
[BlackCountry "ENG"]
[WhiteElo "2306"]
[WhiteRD "74"]
[BlackElo "2146"]
[BlackRD "344"]
[GameID "172184"]

1. e4 c5 2. b4 cxb4 3. a3 d5 4. exd5 Qxd5 5. Nf3 e5 6. axb4 Bxb4 7. c3 Be7 8. Na3 Bd7 9. Nc4 Nc6 10. Nb6 Qe4+
11. Be2 Rd8 12. d3 Qg6 13. Qa4 axb6
0-1

[Event "BCCA/SchemingMind Challenge"]
[Site "SchemingMind.com"]
[Date "2008.10.01"]
[Round "-"]
[White "Cleopas"]
[Black "Chess_Man01"]
[Result "1/2-1/2"]
[WhiteCountry "ENG"]
[BlackCountry "GBR"]
[WhiteElo "1748"]
[WhiteRD "320"]
[BlackElo "2181"]
[BlackRD "69"]
[GameID "172168"]

1. e4 c6 2. d4 d5 3. exd5 cxd5 4. c4 Nf6 5. Nc3 e6 6. Nf3 Bb4 7. cxd5 Nxd5 8. Qb3 Nc6 9. Bd3 Qb6 10. Bd2 Ba5
11. O-O Qxb3 12. axb3 Bb6 13. Bc4 Nde7 14. d5 exd5 15. Nxd5 Nxd5 16. Bxd5 O-O 17. Rfe1 Bf5 18. Be3 Bxe3 19. Rxe3 Rfd8 20. Bxc6 bxc6
21. Ne5 Rd6 22. Nc4 Re6 23. Ra6 h6 24. h3 Rxe3 25. Nxe3 Be4 26. f3 Bd5 27. Nxd5=
1/2-1/2

[Event "BCCA/SchemingMind Challenge"]
[Site "SchemingMind.com"]
[Date "2008.10.01"]
[Round "-"]
[White "Chess_Man01"]
[Black "Cleopas"]
[Result "1-0"]
[WhiteCountry "GBR"]
[BlackCountry "ENG"]
[WhiteElo "2132"]
[WhiteRD "65"]
[BlackElo "1474"]
[BlackRD "326"]
[GameID "172185"]

1. e4 c5 2. Nf3 d6 3. d4 cxd4 4. Nxd4 Nf6 5. Nc3 a6 6. Be3 e5 7. Nb3 Be6 8. f3 Be7 9. Qd2 O-O 10. O-O-O b5
11. g4 b4 12. Nd5 Bxd5 13. exd5 a5 14. Kb1 a4 15. Nc1 a3 16. b3 Qa5 17. g5 Ne8 18. h4 Nd7 19. h5 f5 20. g6 Nc7
21. gxh7+ Kxh7 22. Bc4 Nb6 23. Qg2 Kh8 24. f4 Nxc4 25. bxc4 Qa6 26. Rdg1 Ne8 27. h6
1-0

[Event "BCCA/SchemingMind Challenge"]
[Site "SchemingMind.com"]
[Date "2008.10.01"]
[Round "-"]
[White "Phillip Beckett"]
[Black "Mekk"]
[Result "1-0"]
[WhiteCountry "ENG"]
[BlackCountry "POL"]
[WhiteElo "1833"]
[WhiteRD "95"]
[BlackElo "1935"]
[BlackRD "79"]
[GameID "172169"]

1. e4 e6 2. d4 d5 3. Nd2 Nf6 4. e5 Nfd7 5. Bd3 c5 6. c3 Nc6 7. Ne2 f6 8. exf6 Nxf6 9. Nf3 Bd6 10. O-O O-O
11. Bf4 Bxf4 12. Nxf4 Qd6 13. g3 cxd4 14. Nxd4 e5 15. Nxc6 bxc6 16. Ng2 a5 17. Qd2 Ba6 18. Bxa6 Rxa6 19. f3 a4 20. Rae1 Rb6
21. Ne3 Rfb8 22. Nf5 Qc7 23. Rb1 Qb7 24. Qe3 Rxb2 25. Rxb2 Qxb2 26. Qxe5 Re8 27. Qc7 Nh5 28. g4 Qxc3 29. gxh5 Qf6 30. h6 gxh6
31. Kh1 Kh8 32. Nd6 Rf8 33. f4 d4 34. Rg1 d3 35. Ne4 Qd4 36. Qe7 Rd8 37. Nf6 d2 38. Qxh7#
1-0

[Event "BCCA/SchemingMind Challenge"]
[Site "SchemingMind.com"]
[Date "2008.10.01"]
[Round "-"]
[White "Mekk"]
[Black "Phillip Beckett"]
[Result "0-1"]
[WhiteCountry "POL"]
[BlackCountry "ENG"]
[WhiteElo "1956"]
[WhiteRD "78"]
[BlackElo "1807"]
[BlackRD "234"]
[GameID "172186"]

1. e4 e5 2. Nf3 Nc6 3. Bb5 a6 4. Ba4 Nf6 5. O-O Be7 6. Re1 b5 7. Bb3 O-O 8. a4 b4 9. a5 d6 10. h3 Be6
11. c3 Rb8 12. Bc2 b3 13. Bd3 d5 14. exd5 Qxd5 15. Bxa6 e4 16. Nh2 Nxa5 17. d4 Ra8 18. Bf1 Nc4 19. Rxa8 Rxa8 20. Qxb3 Qc6
21. Qc2 Nd6 22. Na3 Qd5 23. Be2 Qa2 24. Nf1 Rxa3 25. Ne3 Bb3 26. Qd2 Ra8 27. g4 h6 28. Kg2 Nd5 29. c4 Nxc4 30. Nxc4 Bb4
0-1

[Event "BCCA/SchemingMind Challenge"]
[Site "SchemingMind.com"]
[Date "2008.10.01"]
[Round "-"]
[White "grobler"]
[Black "James Bradner"]
[Result "1-0"]
[WhiteCountry "GBR"]
[BlackCountry "ENG"]
[WhiteElo "2043"]
[WhiteRD "139"]
[BlackElo "1917"]
[BlackRD "85"]
[GameID "172170"]

1. e4 e5 2. Bc4 Bc5 3. Nc3 d6 4. Nf3 Nc6 5. d3 Na5 6. Bb3 Nxb3 7. axb3 Bg4 8. h3 Bd7 9. O-O a6 10. Re1 Ne7
11. Be3 Bxe3 12. Rxe3 O-O 13. Qd2 f5 14. d4 fxe4 15. Nxe4 Nd5 16. Ree1 Bxh3 17. dxe5 dxe5 18. Rad1 Be6 19. Neg5 Nf4 20. Nxe6 Nxe6
21. Rxe5 Nf4 22. Qe1 Qc8 23. Rd4 Qg4 24. Rg5 Nh3+ 25. Kh2 Qxd4 26. Nxd4 Nxg5 27. Qe5 h6 28. f4 Nh7 29. Qxc7 Rae8 30. Qxb7 Rxf4
31. Nf3 Rf6 32. c4 Nf8 33. Qd5+ Kh7 34. c5 Ng6 35. c6 Re7 36. Nd4 Rf2 37. Ne6 Rxe6 38. Qxe6 Rxg2+ 39. Kh1 Rxb2 40. c7
1-0

[Event "BCCA/SchemingMind Challenge"]
[Site "SchemingMind.com"]
[Date "2008.10.01"]
[Round "-"]
[White "James Bradner"]
[Black "grobler"]
[Result "0-1"]
[WhiteCountry "ENG"]
[BlackCountry "GBR"]
[WhiteElo "1957"]
[WhiteRD "89"]
[BlackElo "1966"]
[BlackRD "157"]
[GameID "172187"]

1. e4 c5 2. Nf3 d6 3. d4 cxd4 4. Nxd4 Nf6 5. Bb5+ Bd7 6. Qd3 a6 7. Bc4 Nc6 8. Nd2 Nxd4 9. Qxd4 g6 10. O-O Bg7
11. Bd5 Qc7 12. Bb3 Bc6 13. Ba4 b5 14. Bb3 O-O 15. Qd3 e6 16. Rd1 Rfd8 17. a4 d5 18. axb5 dxe4 19. Qe2 axb5 20. Rxa8 Rxa8
21. c4 bxc4 22. Nxc4 Bd5 23. Nd2 Rc8 24. Ba4 Qa5 25. b3 Rc2 26. Qe3 Ng4 27. Qf4 h5 28. Nf1 Be5 29. Qg5 Rxf2 30. Ne3 Bxh2+
31. Kh1 Bf4 32. Nxg4 Bxg5 33. Nxf2 Bxc1 34. Rxc1 e3 35. Nd3 e2
0-1

[Event "BCCA/SchemingMind Challenge"]
[Site "SchemingMind.com"]
[Date "2008.10.01"]
[Round "-"]
[White "baron1"]
[Black "Ashmaster"]
[Result "1-0"]
[WhiteCountry "ENG"]
[BlackCountry "IRL"]
[WhiteElo "2313"]
[WhiteRD "117"]
[BlackElo "1978"]
[BlackRD "97"]
[GameID "172171"]

1. c4 Nf6 2. Nc3 e6 3. d4 d5 4. Bg5 Be7 5. Nf3 O-O 6. e3 Nbd7 7. Rc1 c6 8. Bd3 dxc4 9. Bxc4 Nd5 10. Bxe7 Qxe7
11. Ne4 N5f6 12. Nxf6+ Qxf6 13. O-O e5 14. e4 exd4 15. Qxd4 Qxd4 16. Nxd4 Ne5 17. Be2 Rd8 18. Rfd1 Bd7 19. f4 Ng4 20. Bf3 Nf6
21. e5 Nd5 22. Bxd5 cxd5 23. Rc7 Bg4 24. Rd3 Rd7 25. Rdc3 g6 26. Rxd7 Bxd7 27. Rc7 Bc6 28. Kf2 Rb8 29. Ke3 a6 30. b3 Be8
31. g4 b5 32. f5 a5 33. f6 b4 34. e6 h6 35. e7 Kh7 36. Rc5 a4 37. Rxd5
1-0

[Event "BCCA/SchemingMind Challenge"]
[Site "SchemingMind.com"]
[Date "2008.10.01"]
[Round "-"]
[White "Ashmaster"]
[Black "baron1"]
[Result "0-1"]
[WhiteCountry "IRL"]
[BlackCountry "ENG"]
[WhiteElo "1978"]
[WhiteRD "97"]
[BlackElo "2313"]
[BlackRD "117"]
[GameID "172188"]

1. d4 Nf6 2. c4 e6 3. Nf3 b6 4. g3 Ba6 5. b3 Bb4+ 6. Bd2 Be7 7. Bg2 c6 8. O-O d5 9. Bc3 O-O 10. Ne5 Nfd7
11. Nxd7 Nxd7 12. Nd2 Rc8 13. e4 b5 14. Re1 bxc4 15. bxc4 dxc4 16. Qa4 Bb5 17. Qc2 Re8 18. a4 Ba6 19. Rad1 Bf8 20. Nf1 Rb8
21. Ne3 Bb4 22. Bxb4 Rxb4 23. d5 Nc5 24. dxe6 Nd3 25. exf7+ Kxf7 26. e5 Rxe5 27. Qc3 Qd6 28. Bxc6 Qc5 29. Bd5+ Rxd5 30. Nxd5 Rb3
31. Qc2 Qxd5 32. Qe2 Rb8 33. Qe7+ Kg8 34. Qxa7 Ra8 35. Qe3 c3 36. Re2 h6 37. Rc2 Qb3 38. Qe4 Rf8 39. Rxd3 Qxc2 40. Qd5+ Kh7
0-1

[Event "BCCA/SchemingMind Challenge"]
[Site "SchemingMind.com"]
[Date "2008.10.01"]
[Round "-"]
[White "Philip Tolhurst"]
[Black "Wolli"]
[Result "0-1"]
[WhiteCountry "ENG"]
[BlackCountry "GER"]
[WhiteElo "1409"]
[WhiteRD "263"]
[BlackElo "1852"]
[BlackRD "76"]
[GameID "172172"]

1. e4 e6 2. d4 d5 3. Nc3 Nf6 4. Bg5 Be7 5. e5 Nfd7 6. Bxe7 Qxe7 7. f4 a6 8. Nf3 c5 9. Qd2 Nc6 10. O-O-O b5
11. dxc5 Nxc5 12. Bd3 b4 13. Ne2 a5 14. Bb5 Bd7 15. Ned4 Nxd4 16. Bxd7+ Qxd7 17. Qxd4 Rc8 18. Kb1 O-O 19. g4 Qb5 20. h4 a4
21. Nd2 b3 22. cxb3 axb3 23. a3 Qd3+ 24. Qxd3 Nxd3 25. Rhf1 Rc2 26. Rf3 Rxb2+ 27. Ka1 Ra2+ 28. Kb1 Nc5 29. Nxb3 Rxa3 30. Kb2 Rfa8
31. Rd4 Ne4 32. f5 Ra2+ 33. Kb1 Rg2
0-1

[Event "BCCA/SchemingMind Challenge"]
[Site "SchemingMind.com"]
[Date "2008.10.01"]
[Round "-"]
[White "Wolli"]
[Black "Philip Tolhurst"]
[Result "1-0"]
[WhiteCountry "GER"]
[BlackCountry "ENG"]
[WhiteElo "1852"]
[WhiteRD "76"]
[BlackElo "1409"]
[BlackRD "263"]
[GameID "172189"]

1. d4 Nf6 2. c4 e6 3. Nf3 b6 4. g3 Ba6 5. b3 Bb4+ 6. Bd2 Be7 7. Bg2 c6 8. Ne5 d5 9. O-O O-O 10. Bc3 Bb7
11. Nd2 Na6 12. e4 c5 13. exd5 exd5 14. Re1 cxd4 15. Bxd4 Nc5 16. Nf1 Qc7 17. Ng4 Rad8 18. Nxf6+ Bxf6 19. Bxf6 gxf6 20. cxd5 Qd7
21. Ne3 a5 22. Qd4 Kg7 23. Rad1 Rfe8 24. Nc4 Rxe1+ 25. Rxe1 Re8 26. Rc1 Qd8 27. Nxa5 bxa5 28. Qxc5 Re5 29. Rd1 Qa8 30. Qc4 h5
31. a3 Kg6 32. Qd4 Kg7 33. h4 Kg6 34. Kh2
1-0

[Event "BCCA/SchemingMind Challenge"]
[Site "SchemingMind.com"]
[Date "2008.10.01"]
[Round "-"]
[White "frank_velbrati"]
[Black "creep stoat"]
[Result "0-1"]
[WhiteCountry "GER"]
[BlackCountry "GBR"]
[WhiteElo "1760"]
[WhiteRD "122"]
[BlackElo "2102"]
[BlackRD "258"]
[GameID "172190"]

1. e4 e6 2. d3 d5 3. Nd2 Nf6 4. Ngf3 b6 5. exd5 exd5 6. Qe2+ Be7 7. g3 O-O 8. Bg2 Bd6 9. O-O Re8 10. Qd1 c5
0-1

[Event "BCCA/SchemingMind Challenge"]
[Site "SchemingMind.com"]
[Date "2008.10.01"]
[Round "-"]
[White "whiteknight024"]
[Black "Geoffrey Rosser"]
[Result "1-0"]
[WhiteCountry "ENG"]
[BlackCountry "ENG"]
[WhiteElo "2022"]
[WhiteRD "211"]
[BlackElo "1783"]
[BlackRD "74"]
[GameID "172174"]

1. d4 d5 2. Nf3 Nf6 3. Bg5 e6 4. e3 Be7 5. Bd3 O-O 6. O-O Nbd7 7. Nbd2 c5 8. c3 h6 9. Bh4 cxd4 10. exd4 Qc7
11. Rc1 Bd6 12. c4 Ng4 13. cxd5 Bxh2+ 14. Kh1 Qb8 15. dxe6 fxe6 16. Qe2 Ndf6 17. g3 g5 18. Ne5 gxh4 19. Nxg4 hxg3 20. fxg3 Qxg3
21. Nxf6+ Rxf6 22. Rxf6 Bd7 23. Qxh2 Bc6+ 24. Be4
1-0

[Event "BCCA/SchemingMind Challenge"]
[Site "SchemingMind.com"]
[Date "2008.10.01"]
[Round "-"]
[White "Geoffrey Rosser"]
[Black "whiteknight024"]
[Result "0-1"]
[WhiteCountry "ENG"]
[BlackCountry "ENG"]
[WhiteElo "1783"]
[WhiteRD "74"]
[BlackElo "2022"]
[BlackRD "211"]
[GameID "172191"]

1. e4 c6 2. d4 d5 3. e5 Bf5 4. Bd3 Bxd3 5. Qxd3 e6 6. f4 Nd7 7. Nf3 c5 8. c3 Nh6 9. O-O Be7 10. Ng5 Qc7
11. Na3 a6 12. Nc2 Rc8 13. Ne3 g6 14. g4 Qb6 15. Nh3 O-O 16. f5 cxd4 17. cxd4 Nxe5 18. Qd1 gxf5 19. gxf5 Nxf5 20. Nxf5 exf5
21. Rxf5 Qg6+ 22. Rg5 Bxg5 23. Bxg5 Nc6 24. Kh1 Qe4+ 25. Kg1 Nxd4 26. Nf2 Nf3+ 27. Kh1 Rc2 28. Qg1 Nxg1+ 29. Nxe4 Nf3 30. Bf4 dxe4
0-1

[Event "BCCA/SchemingMind Challenge"]
[Site "SchemingMind.com"]
[Date "2008.10.01"]
[Round "-"]
[White "calahonde"]
[Black "Clive Everill"]
[Result "1-0"]
[WhiteCountry "GBR"]
[BlackCountry "CZE"]
[WhiteElo "1911"]
[WhiteRD "223"]
[BlackElo "1683"]
[BlackRD "47"]
[GameID "172557"]

1. d4 Nf6 2. Nf3 b6 3. c4 e6 4. g3 Bb7 5. Bg2 Be7 6. Nc3 O-O 7. Qd3 d5 8. cxd5 Nxd5 9. Nxd5 Bxd5 10. O-O c5
11. e4 Bb7 12. Rd1 Nc6 13. Be3 cxd4 14. Nxd4 Nxd4 15. Bxd4 f6 16. Qb3 Qc8 17. Bh3 Kh8 18. Bxe6 Qc6 19. Bd5 Qc8 20. Bxb7 Qxb7
21. Qd5 Qc8 22. Rac1 Qg4 23. Kg2 h5 24. f3 Qg6 25. Rc7 Qe8 26. Qd7 Qxd7 27. Rxd7 Bd8 28. Bc3 a5 29. Rb7 Rc8 30. Rdd7 Rg8
31. Rd5 Re8 32. Rxh5+ Kg8 33. Rd5 Bc7 34. Rd7 Be5 35. Rxg7+ Kh8 36. Rgd7 Bxc3 37. bxc3 Rxc3 38. h4 Rc2+ 39. Kh3 Rxa2 40. h5 Rb2
41. Rh7+ Kg8 42. h6 a4 43. Rbg7+
1-0

[Event "BCCA/SchemingMind Challenge"]
[Site "SchemingMind.com"]
[Date "2008.10.01"]
[Round "-"]
[White "Clive Everill"]
[Black "calahonde"]
[Result "0-1"]
[WhiteCountry "CZE"]
[BlackCountry "GBR"]
[WhiteElo "1683"]
[WhiteRD "47"]
[BlackElo "1911"]
[BlackRD "223"]
[GameID "172556"]

1. e4 c5 2. Nf3 d6 3. d4 cxd4 4. Nxd4 Nf6 5. Nc3 a6 6. Bc4 e6 7. Bb3 Nbd7 8. f4 Nc5 9. e5 dxe5 10. fxe5 Nfd7
11. Bf4 b5 12. O-O Bb7 13. Qg4 Nf6 14. Qd1 Nxb3 15. Nxb3 Qxd1 16. Raxd1 Ne4 17. Ne2 Bd5 18. Rd4 Bxb3 19. cxb3 Bc5 20. Be3 Bxd4
21. Bxd4 Rc8 22. Rf4 Nc5 23. Rf3 b4 24. Kf2 O-O 25. g4 Nd7 26. h4 f6 27. exf6 e5 28. Be3 Nxf6 29. Kg3 Rc2 30. Nc1 Ne4+
0-1

[Event "BCCA/SchemingMind Challenge"]
[Site "SchemingMind.com"]
[Date "2008.10.01"]
[Round "-"]
[White "Goz"]
[Black "paradox"]
[Result "0-1"]
[WhiteCountry "ENG"]
[BlackCountry "GER"]
[WhiteElo "1323"]
[WhiteRD "205"]
[BlackElo "1805"]
[BlackRD "109"]
[GameID "172176"]

1. d4 Nf6 2. e3 g6 3. c3 Bg7 4. Bc4 O-O 5. Nf3 d5 6. Bb3 Nbd7 7. O-O Re8 8. a4 e5 9. Na3 c6 10. c4 e4
11. Nd2 Nb6 12. c5 Nbd7 13. Ba2 b6 14. b4 bxc5 15. bxc5 Ba6 16. Re1 Rb8 17. Bb3 Qa5 18. Nf1 Rxb3 19. Qxb3 Qxe1 20. Nc2 Qxf1#
0-1

[Event "BCCA/SchemingMind Challenge"]
[Site "SchemingMind.com"]
[Date "2008.10.01"]
[Round "-"]
[White "paradox"]
[Black "Goz"]
[Result "1-0"]
[WhiteCountry "GER"]
[BlackCountry "ENG"]
[WhiteElo "1806"]
[WhiteRD "116"]
[BlackElo "1232"]
[BlackRD "134"]
[GameID "172193"]

1. Nf3 d5 2. g3 e6 3. Bg2 Bc5 4. O-O Nf6 5. d3 O-O 6. Nbd2 b5 7. d4 Bb6 8. b4 Nc6 9. c3 a5 10. bxa5 Nxa5
11. Rb1 c6 12. a4 Bb7 13. axb5 cxb5 14. Rxb5 Nc4 15. Nxc4 dxc4 16. Bg5 Bd5 17. Qb1 Ra6 18. e4 Bc6 19. Bxf6 Qxf6 20. Rxb6 Rxb6
21. Qxb6 Bxe4 22. Ne5 Bd5 23. Bxd5 exd5 24. Qxf6 gxf6 25. Nd7 Rd8 26. Nxf6+ Kg7 27. Nh5+ Kf8 28. Re1 Rd6 29. Nf4 f6 30. Ra1 Kg7
31. Ra5 Kh6 32. Nxd5 Kg6 33. Nf4+ Kg7 34. Rc5 Kh6 35. Rxc4 Kg5 36. Rc7 h6 37. h4+ Kg4 38. Kg2 Kf5 39. Kf3 h5 40. Rc5+
1-0

[Event "BCCA/SchemingMind Challenge"]
[Site "SchemingMind.com"]
[Date "2008.10.01"]
[Round "-"]
[White "sirness"]
[Black "loco61"]
[Result "0-1"]
[WhiteCountry "SCO"]
[BlackCountry "ENG"]
[WhiteElo "1380"]
[WhiteRD "259"]
[BlackElo "1673"]
[BlackRD "67"]
[GameID "172178"]

1. d4 d5 2. Bf4 Nf6 3. e3 Bf5 4. c4 e6 5. Nf3 Bxb1 6. Rxb1 Bb4+ 7. Ke2 dxc4 8. Qa4+ Nc6 9. a3 Qd7 10. axb4 Nxd4+
0-1

[Event "BCCA/SchemingMind Challenge"]
[Site "SchemingMind.com"]
[Date "2008.10.01"]
[Round "-"]
[White "loco61"]
[Black "sirness"]
[Result "1/2-1/2"]
[WhiteCountry "ENG"]
[BlackCountry "SCO"]
[WhiteElo "1666"]
[WhiteRD "65"]
[BlackElo "1491"]
[BlackRD "236"]
[GameID "172195"]

1. e4 e5 2. Nf3 d6 3. Bc4 Be7 4. c3 Nf6 5. d3 O-O 6. Bg5 Bg4 7. h3 Bd7 8. O-O Nc6 9. Re1 Na5 10. Bb3 Nxb3
11. Qxb3 Rb8 12. Nbd2 Be6 13. Qc2 h6 14. Be3 a6 15. d4 exd4 16. cxd4 Re8 17. e5 Nd5 18. Ne4 Qd7 19. Ng3 Rbc8 20. a3 Bf8
21. Nh4 g6 22. Qd2 Kh7 23. Qd3 Bg7 24. Kh2 Kh8 25. Bd2 Qd8 26. Nf3 Ne7 27. Ne4 Bf5 28. Qe2 Bxe4 29. Qxe4 dxe5 30. Nxe5 Kg8
31. Qf4 Rf8 32. Re2 Nd5 33. Qf3 Qd6 34. Kg1 c6 35. Rae1 Rcd8 36. Rd1=
1/2-1/2

[Event "BCCA/SchemingMind Challenge"]
[Site "SchemingMind.com"]
[Date "2008.10.01"]
[Round "-"]
[White "billg"]
[Black "Alessandro Dotti Contra"]
[Result "1-0"]
[WhiteCountry "GBR"]
[BlackCountry "ITA"]
[WhiteElo "1747"]
[WhiteRD "207"]
[BlackElo "1528"]
[BlackRD "77"]
[GameID "172179"]

1. d4 Nf6 2. c4 e6 3. Nc3 Bb4 4. e3 O-O 5. Qc2 b6 6. Be2 d5 7. a3 Bd6 8. Bf3 Be7 9. Na4 Bd7 10. b4 b5
11. cxb5 Bxb5 12. Nc5 Bxc5 13. dxc5 Nc6 14. Be2 a6 15. Bb2 d4 16. Rd1 e5 17. Nf3 h6 18. O-O Bxe2 19. Qxe2 Rb8 20. exd4 exd4
21. Nxd4 Nxd4 22. Rxd4 Qe8 23. Qd2 Qe7 24. Re1 Ne4 25. Rexe4 Qg5 26. Qxg5 hxg5 27. Rd7 Rfe8 28. Rxe8+ Rxe8 29. Kf1 Rc8 30. c6 Kf8
31. Be5 f6 32. Bxc7 Ra8 33. Bd6+ Kg8 34. c7 Kh7 35. Rd8 Rxd8 36. cxd8=Q Kh6 37. g4 Kg6 38. Qe8+
1-0

[Event "BCCA/SchemingMind Challenge"]
[Site "SchemingMind.com"]
[Date "2008.10.01"]
[Round "-"]
[White "Alessandro Dotti Contra"]
[Black "billg"]
[Result "0-1"]
[WhiteCountry "ITA"]
[BlackCountry "GBR"]
[WhiteElo "1528"]
[WhiteRD "77"]
[BlackElo "1747"]
[BlackRD "207"]
[GameID "172196"]

1. e4 e5 2. Nf3 Nc6 3. Bb5 a6 4. Bc4 Bc5 5. O-O Nf6 6. Nc3 O-O 7. h3 d6 8. d3 h6 9. Be3 Bxe3 10. fxe3 Na5
11. b3 b5 12. Bd5 c6 13. b4 cxd5 14. Nxd5 Nxd5 15. exd5 Nb7 16. a3 Qc7 17. Qd2 Bd7 18. e4 Rac8 19. Rac1 Qc3 20. Qxc3 Rxc3
21. d4 f6 22. dxe5 dxe5 23. Rf2 Nd6 24. Re2 Bxh3 25. gxh3 Rxf3 26. Kg2 Rf4 27. c3 Rc8 28. Rf2 Rxe4 29. Rcc2 Rec4 30. Rfe2 Rxc3
31. Rxc3 Rxc3 32. a4 Rd3 33. Ra2 Rxd5 34. axb5 axb5 35. Ra8+ Kf7 36. Ra7+ Kf8 37. Ra8+ Ne8 38. h4 f5 39. Kf3 Rd4
0-1